| 000 | 00544cam a2200193 a 4500 | ||
|---|---|---|---|
| 020 | _a9780723432371 | ||
| 040 | _cDLC | ||
| 082 | 0 | 0 | _a636 ELS 2013 A006 Or. |
| 245 | 0 | 0 | _aClinical veterinary microbiology. |
| 250 | _a2nd ed. / | ||
| 260 |
_aEdinburgh : _bElsevier, _c2013. |
||
| 300 |
_axi, 901 pages : _billustrations (some color) ; _c26 cm. |
||
| 650 | 0 | _aVeterinary microbiology. | |
| 650 | 1 | 2 | _aBacteriological Techniques |
| 650 | 2 | 2 | _aAnimal Diseases |
| 650 | 2 | 2 | _aAnimal Population Groups |
| 700 | 1 | _aMarkey, B. K. | |
| 942 | _cAEDBB | ||
| 999 |
_c20779 _d20779 |
||